[Event "Challenge"]
[Site "http://www.queenalice.com/game.php?id=453872"]
[Date "2008.8.26"]
[Round "-"]
[White "APSHOOTER"]
[Black "Lestat"]
[Result "1-0"]
[WhiteElo "1619"]
[BlackElo "1573"]

1. Nf3 Nc6 2. d4 d5 3. h3 Bf5 4. a3 e6 5. Nc3 Nf6 6. Bg5 h6 7. Bxf6 Qxf6 8. e3
Bd6 9. Bb5 a6 10. Bxc6+ bxc6 11. Qe2 Rb8 12. b4 c5 13. O-O c4 14. Rfb1 c6 15.
Na2 Qg6 16. Nh4 Qg5 17. Nxf5 Qxf5 18. c3 1-0

[Event "Challenge"]
[Site "http://www.queenalice.com/game.php?id=453873"]
[Date "2008.8.26"]
[Round "-"]
[White "Molli_Jaschin"]
[Black "Lestat"]
[Result "1-0"]
[WhiteElo "1593"]
[BlackElo "1355"]

1. e4 e5 2. Nf3 Nc6 3. Bb5 d6 4. d4 Bd7 5. Nc3 exd4 6. Nxd4 Nxd4 7. Bxd7+ Qxd7
8. Qxd4 Nf6 9. f3 h6 10. O-O c5 11. Qd3 1-0

[Event "Challenge"]
[Site "http://www.queenalice.com/game.php?id=453875"]
[Date "2008.8.26"]
[Round "-"]
[White "Noyender"]
[Black "Lestat"]
[Result "1-0"]
[WhiteElo "1642"]
[BlackElo "1353"]

1. e4 e5 2. Bc4 Nf6 3. Qf3 Nc6 4. Nc3 d6 5. Nge2 Bg4 6. Qg3 Bxe2 7. Nxe2 Nxe4 8.
Qf3 Nf6 9. b3 a6 10. Bb2 Nb4 11. Bd3 Qe7 12. Qxb7 Nxd3+ 13. cxd3 Qd8 14. Rc1 c5
15. Qc6+ Qd7 16. Qxa8+ Ke7 17. Nc3 g6 18. O-O Bg7 19. Qxa6 Ng4 20. Ne4 Nf6 21.
f4 1-0

[Event "Challenge"]
[Site "http://www.queenalice.com/game.php?id=453877"]
[Date "2008.8.26"]
[Round "-"]
[White "Lestat"]
[Black "Pimenta"]
[Result "0-1"]
[WhiteElo "1475"]
[BlackElo "1570"]

1. e4 e6 2. d4 d5 3. exd5 exd5 4. Nf3 Nf6 5. Bg5 Be7 6. Bxf6 Bxf6 7. Nc3 O-O 8.
Bd3 Re8+ 9. Ne2 Nc6 10. c3 Bg4 0-1

[Event "Challenge"]
[Site "http://www.queenalice.com/game.php?id=453879"]
[Date "2008.8.26"]
[Round "-"]
[White "Lestat"]
[Black "oldfar"]
[Result "0-1"]
[WhiteElo "1567"]
[BlackElo "1546"]

1. e4 e5 2. Bc4 Nf6 3. d3 d5 4. exd5 Nxd5 5. Bxd5 Qxd5 6. Nf3 Bb4+ 7. c3 Be7 8.
c4 Qd6 9. Nc3 Bg4 10. Nb5 Qd7 11. Nxe5 Bxd1 12. Nxd7 Kxd7 13. Kxd1 c6 14. Nc3
Ke6 0-1

[Event "Challenge"]
[Site "http://www.queenalice.com/game.php?id=453881"]
[Date "2008.8.26"]
[Round "-"]
[White "Pimenta"]
[Black "Lestat"]
[Result "1-0"]
[WhiteElo "1553"]
[BlackElo "1475"]

1. d4 d5 2. c4 e6 3. Nc3 Bb4 4. a3 Bxc3+ 5. bxc3 h6 6. e3 Nf6 7. Nf3 Nc6 8. cxd5
exd5 9. Bb5 Bd7 10. O-O a6 11. Ba4 1-0

[Event "Challenge"]
[Site "http://www.queenalice.com/game.php?id=453883"]
[Date "2008.8.26"]
[Round "-"]
[White "oldfar"]
[Black "Lestat"]
[Result "1-0"]
[WhiteElo "1578"]
[BlackElo "1567"]

1. d4 d5 2. Nf3 Nc6 3. h3 Bf5 4. e3 Nb4 5. Bd3 Bxd3 6. cxd3 e6 7. a3 Nc6 8. Nc3
f6 9. e4 e5 10. dxe5 dxe4 11. Nxe4 Nd4 12. Qa4+ Nc6 13. d4 Qd7 14. exf6 1-0

[Event "Challenge"]
[Site "http://www.queenalice.com/game.php?id=453887"]
[Date "2008.8.26"]
[Round "-"]
[White "Lestat"]
[Black "egs19690901"]
[Result "0-1"]
[WhiteElo "1344"]
[BlackElo "1548"]

1. e4 e5 2. Nf3 Nc6 3. Bc4 Nh6 4. Ng5 Qxg5 5. Qf3 Nd4 6. Qd3 Qxg2 7. Rf1 Nf3+ 8.
Ke2 Nd4+ 9. Kd1 d6 10. c3 Bg4+ 11. Ke1 Nf3+ 0-1

[Event "Challenge"]
[Site "http://www.queenalice.com/game.php?id=453895"]
[Date "2008.8.26"]
[Round "-"]
[White "egs19690901"]
[Black "Lestat"]
[Result "1-0"]
[WhiteElo "1566"]
[BlackElo "1344"]

1. e4 e5 2. Nf3 Nc6 3. Nc3 Bc5 4. Bc4 d6 5. d3 h6 6. a3 Bg4 7. h3 Bh5 8. g4 Bg6
9. h4 Nf6 10. h5 Bh7 11. g5 1-0

[Event "1ºTorneio Lesta"]
[Site "http://www.queenalice.com/game.php?id=453930"]
[Date "2008.8.26"]
[Round "1"]
[White "juan_francisco"]
[Black "Lestat"]
[Result "1-0"]
[WhiteElo "1454"]
[BlackElo "1502"]

1. e4 e5 2. Bc4 Nc6 3. Qh5 g6 4. Qf3 Nf6 5. d3 Nd4 6. Qe3 Nxc2+ 7. Kd2 Nxe3 8.
Kxe3 Bc5+ 9. Ke2 d6 10. Nc3 Ng4 11. f3 Nf2 12. Be3 Bxe3 13. Kxe3 Nxh1 14. Nh3
Bxh3 15. gxh3 Qg5+ 16. f4 Qxf4+ 17. Ke2 Qxh2+ 18. Ke3 Qxh3+ 19. Kd2 Qg2+ 20. Ne2
Ng3 21. Re1 a6 22. Rg1 Qxe2+ 23. Kc1 Qe3+ 24. Kd1 Qxg1+ 25. Kc2 Qf2+ 26. Kc3
Ne2+ 27. Kb4 Qc5+ 28. Kb3 b5 29. d4 Nxd4+ 30. Kc3 Qxc4+ 31. Kd2 Qb4+ 32. Kc1
Qc4+ 33. Kd1 1-0

[Event "Challenge"]
[Site "http://www.queenalice.com/game.php?id=454361"]
[Date "2008.8.27"]
[Round "-"]
[White "cesarcalegari"]
[Black "Lestat"]
[Result "0-1"]
[WhiteElo "1354"]
[BlackElo "1515"]

1. e4 e5 2. Qf3 Nf6 3. g4 d6 4. Bc4 h6 5. d3 Be6 6. Bb5+ c6 7. Bc4 Bxg4 8. Qg3
Nbd7 9. h3 Bh5 10. Nc3 Nc5 11. Bd2 d5 12. Qxe5+ Ne6 13. Bb3 Bd6 14. Qf5 g6 15.
Qxf6 Qxf6 16. f3 Bxf3 17. Nxf3 Qxf3 18. Rf1 Bg3+ 19. Rf2 Nd4 20. Ne2 Qxf2+ 21.
Kd1 Qxe2+ 22. Kc1 Qf1+ 23. Be1 Qxe1# 0-1